| 000 | 00393nam a2200145Ia 4500 | ||
|---|---|---|---|
| 008 | 230917s9999||||xx |||||||||||||| ||und|| | ||
| 040 |
_e150535 _aMAIN |
||
| 041 | _aEnglish | ||
| 082 | _a820.016 N42N | ||
| 100 | _aWatson, George ed. | ||
| 245 | 0 | _aNew Cambridge bibliography of English literature | |
| 260 |
_aCambridge _bCambridge University Press _c1969 |
||
| 300 | _a1955 p. | ||
| 942 | _cBK | ||
| 999 |
_c58731 _d58731 |
||